Batu belah batu bertangkup

Bibliographic Details
Main Author: Khadijah Hashim
Format: Book
Published: Shah Alam : 'K' publishing , 2005
Series:Siri legenda
Subjects:

MARC

LEADER 00000cam a2200000 7i4500
001 0000004366
005 20151222.0
008 070806
020 |a 9838524263 
090 0 0 |a JF   |b CT MAL (5218) 
100 0 |a Khadijah Hashim 
245 1 0 |a Batu belah batu bertangkup   |c Khadijah Hashim 
260 |a Shah Alam :   |b 'K' publishing ,   |c 2005 
440 |a Siri legenda 
500 |a Children ages 7-9 years old (orange) 
650 0 |a Malay fiction   |x classic tales 
999 |a 0000951089   |b Book   |c Children Collection   |e Cawangan Tmn. Ungku Tun Aminah 
999 |a 0000972026   |b Book   |c Children Collection   |e Perbadanan Perpustakaan Awam Johor 
999 |a 0000972027   |b Book   |c Children Collection   |e Perbadanan Perpustakaan Awam Johor 
999 |a 0000972028   |b Book   |c Children Collection   |e Perbadanan Perpustakaan Awam Johor 
999 |a 0000972029   |b Book   |c Children Collection   |e Perbadanan Perpustakaan Awam Johor 
999 |a 0000972030   |b Book   |c Children Collection   |e Perbadanan Perpustakaan Awam Johor 
999 |a 0001150480   |b Book   |c Children Collection   |e Cawangan Mersing 
999 |a 0001150481   |b Book   |c Children Collection   |e Cawangan Pontian 
999 |a 0001150487   |b Book   |c Children Collection   |e Cawangan Taman Universiti 
999 |a 0001150488   |b Book   |c Children Collection   |e Cawangan Mersing 
999 |a 0001150490   |b Book   |c Children Collection   |e Cawangan Tangkak 
999 |a 0001150492   |b Book   |c Children Collection   |e Cawangan Bandar Penawar 
999 |a 0001150493   |b Book   |c Children Collection   |e Cawangan Tmn. Ungku Tun Aminah 
999 |a 0001150494   |b Book   |c Children Collection   |e Cawangan Segamat 
999 |a 0001150495   |b Book   |c Children Collection   |e Cawangan Taman Universiti 
999 |a 0001150499   |b Book   |c Children Collection   |e Cawangan Kota Tinggi 
999 |a 0001150501   |b Book   |c Children Collection   |e Cawangan Pontian 
999 |a 0001150503   |b Book   |c Children Collection   |e Cawangan Segamat 
999 |a 0001150504   |b Book   |c Children Collection   |e Cawangan Taman Universiti 
999 |a 0001150508   |b Book   |c Children Collection   |e Cawangan Bandar Penawar 
999 |a 0001150509   |b Book   |c Children Collection   |e Cawangan Tmn. Ungku Tun Aminah 
999 |a 0001150512   |b Book   |c Children Collection   |e Cawangan Mersing 
999 |a 0001150513   |b Book   |c Children Collection   |e Cawangan Mersing 
999 |a 0001150514   |b Book   |c Children Collection   |e Cawangan Segamat 
999 |a 0001150517   |b Book   |c Children Collection   |e Cawangan Tangkak 
999 |a 0001150519   |b Book   |c Children Collection   |e Cawangan Bandar Penawar 
999 |a 0001150520   |b Book   |c Children Collection   |e Cawangan Tmn. Ungku Tun Aminah 
999 |a 0001150522   |b Book   |c Children Collection   |e Cawangan Segamat 
999 |a 0001150523   |b Book   |c Children Collection   |e Cawangan Mersing 
999 |a 0001150876   |b Book   |c Children Collection   |e Cawangan Mersing 
999 |a 0001150877   |b Book   |c Children Collection   |e Cawangan Taman Universiti 
999 |a 0001150878   |b Book   |c Children Collection   |e Cawangan Segamat 
999 |a 0001150880   |b Book   |c Children Collection   |e Cawangan Tangkak 
999 |a 0001150882   |b Book   |c Children Collection   |e Cawangan Bandar Penawar